Letters from the Ginza Shihodo Stationery Shop (Record no. 4933)

MARC details
000 -CABECERA
campo de control de longitud fija 01599nam a22002297a 4500
003 - IDENTIFICADOR DEL NÚMERO DE CONTROL
campo de control OSt
005 - FECHA Y HORA DE LA ÚLTIMA TRANSACCIÓN
campo de control 20250915082507.0
008 - DATOS DE LONGITUD FIJA--INFORMACIÓN GENERAL
campo de control de longitud fija 250915b |||||||| |||| 00| 0 eng d
020 ## - NÚMERO INTERNACIONAL ESTÁNDAR DEL LIBRO
Número Internacional Estándar del Libro 9781786584649
040 ## - FUENTE DE LA CATALOGACIÓN
Centro/agencia transcriptor tbs
041 ## - CÓDIGO DE LENGUA
Código de lengua del texto/banda sonora o título independiente English
100 ## - ENTRADA PRINCIPAL--NOMBRE DE PERSONA
Nombre de persona Ueda, Kenji,
Fechas asociadas al nombre 1969-
240 ## - TÍTULO UNIFORME
Título uniforme Ginza Shihōdō bunbōguten.
Lenguaje de la obra English
245 ## - MENCIÓN DE TÍTULO
Título Letters from the Ginza Shihodo Stationery Shop
Mención de responsabilidad, etc. / Kenji Ueda ; translated by Emily Balistrieri.
260 ## - PUBLICACIÓN, DISTRIBUCIÓN, ETC.
Lugar de publicación, distribución, etc. London
Nombre del editor, distribuidor, etc. Manilla Press,
Fecha de publicación, distribución, etc. 2024
300 ## - DESCRIPCIÓN FÍSICA
Extensión 217 pages ; 20 cm
520 ## - SUMARIO, ETC.
Sumario, etc. "Hidden away in a corner of the Ginza neighbourhood is a venerable stationery shop. To venture inside is to find everything your stationery-loving heart desires, from the most delicate paper to fountain pens that fit exactly to the shape of your hand to gorgeously coloured inks. The shop owner intuits your every need, inviting you to take a seat at a small wooden table on the top floor, where you'll find the words flowing, helping you unlock repressed memories, secret longings and your own mysteries. To this shop comes a young company employee, uncertain in his career and needing a connection back to his past; the hostess of an elegant club; the vice-captain of a high-school archery team, an ageing businessman and a formerly homeless sushi chef. With impeccable manners and a warm demeanour, the shop owner helps each of them with more than just their stationery needs."--Provided by publisher.
650 #0 - PUNTO DE ACCESO ADICIONAL DE MATERIA--TÉRMINO DE MATERIA
Término de materia o nombre geográfico como elemento de entrada Stationery
Subdivisión de forma Fiction.
650 #0 - PUNTO DE ACCESO ADICIONAL DE MATERIA--TÉRMINO DE MATERIA
Término de materia o nombre geográfico como elemento de entrada Interpersonal relations
Subdivisión de forma Fiction
9 (RLIN) 24021
700 ## - ENTRADA AGREGADA--NOMBRE PERSONAL
Nombre de persona Balistrieri, Emily
9 (RLIN) 25862
Término indicativo de función/relación Translator
942 ## - ELEMENTOS DE ENTRADA AGREGADA (KOHA)
Fuente del sistema de clasificación o colocación Clasificación de Library of Congress
Holdings
Estado de retiro Estado de pérdida Fuente del sistema de clasificación o colocación Estado dañado No para préstamo Biblioteca de origen Biblioteca actual Fecha de adquisición Total de préstamos Signatura topográfica completa Código de barras Fecha visto por última vez Número de copia Precio válido a partir de Tipo de ítem Koha
    Clasificación de Library of Congress     TBS Barcelona TBS Barcelona 15/09/2025   P-EN UED B06012 15/09/2025 1 15/09/2025 Book

Powered by Koha